Olympic Games 2021 Medal Table (top 20) - Statistics

General Stats
  • This quiz has been taken 24 times
  • The average score is 16 of 20
Answer Stats
gold silver bronze Answer % Correct
38 32 18 china
100%
10 12 11 france
100%
17 7 22 australia
96%
10 11 16 germany
96%
22 21 22 uk
96%
39 41 33 USA
96%
10 10 20 italy
91%
27 14 17 japan
91%
6 4 10 south korea
91%
7 6 11 canada
87%
10 12 14 netherlands
87%
20 28 23 russia
87%
7 6 7 new zealand
83%
7 6 8 brazil
78%
4 5 5 poland
78%
4 4 2 kenya
61%
6 7 7 hungary
57%
4 4 3 czechia
48%
4 2 2 norway
48%
7 3 5 cuba
35%
No matching quizzes found
Score Distribution
Percent of People with Each Score
Percentile by Number Answered
Your Score History
You have not taken this quiz